书目信息 |
| 题名: |
怎样读电动自行车电路图
|
|
| 作者: | 吴文琳 编著 | |
| 分册: | ||
| 出版信息: | 北京 中国电力出版社 2009.01 |
|
| 页数: | 154页 | |
| 开本: | 23cm | |
| 丛书名: | ||
| 单 册: | ||
| 中图分类: | U484.02 | |
| 科图分类: | ||
| 主题词: | 电动自行车--dian dong zi xing che--电路图--识图 | |
| 电子资源: | ||
| ISBN: | 978-7-5083-7808-4 | |
| 000 | 00839nam0 2200229 450 | |
| 001 | 012009801576 | |
| 005 | 20090622135241.39 | |
| 010 | @a978-7-5083-7808-4@dCNY20.00 | |
| 100 | @a20090622d2009 km y0chi0120 ea | |
| 101 | 0 | @achi |
| 102 | @aCN@b110000 | |
| 105 | @aak z 000yy | |
| 106 | @ar | |
| 200 | 1 | @a怎样读电动自行车电路图@Azen yang du dian dong zi xing che dian lu tu@f吴文琳等编著@Fwu wen lin deng bian zhu |
| 210 | @a北京@c中国电力出版社@d2009.01 | |
| 215 | @a154页@c图@d23cm | |
| 330 | @a本书主要介绍了电动自行车电路图的基本知识,整车、控制器和充电器电路图的识图方法,页介绍了140例电动自行车整车、控制器和充电器的电路图。 | |
| 606 | 0 | @a电动自行车@Adian dong zi xing che@x电路图@x识图 |
| 690 | @aU484.02@v4 | |
| 701 | 0 | @a吴文琳@Awu wen lin@4编著 |
| 801 | 0 | @aCN@bQSSK@c20090622 |
| 905 | @b743999-4001@dU484.02@eW883@f3 | |
| 怎样读电动自行车电路图/吴文琳等编著.-北京:中国电力出版社,2009.01 |
| 154页:图;23cm |
| ISBN 978-7-5083-7808-4:CNY20.00 |
| 本书主要介绍了电动自行车电路图的基本知识,整车、控制器和充电器电路图的识图方法,页介绍了140例电动自行车整车、控制器和充电器的电路图。 |
| ● |
| 相关链接 |
|
|
|
正题名:怎样读电动自行车电路图
索取号:U484.02/W883
 
预约/预借
| 序号 | 登录号 | 条形码 | 馆藏地/架位号 | 状态 | 备注 |
| 1 | 743999 | 207439994 | 自科库501/501自科库 87排2列5层/ [索取号:U484.02/W883] | 在馆 | |
| 2 | 744000 | 207440009 | 自科库501/501自科库 87排2列5层/ [索取号:U484.02/W883] | 在馆 | |
| 3 | 744001 | 207440018 | 自科库501/501自科库 87排2列5层/ [索取号:U484.02/W883] | 在馆 |